| 000 | 00707nam a2200157 a 4500 | ||
|---|---|---|---|
| 008 | 091203s1976 ||||||||||||||||| || u | ||
| 050 | _aUNCTAD(02) | ||
| 110 | _aUnited Nations Conference on Trade and Development (UNCTAD) | ||
| 245 | 1 | 0 |
_aMarketing and distribution systems for commodities of export interest to developing countries _cby United Nations Conference on Trade and Development (UNCTAD) |
| 260 |
_aNairobi: _bUNITED NATIONS _c1976 |
||
| 300 | _a4p. | ||
| 350 | _a0.00 | ||
| 500 | _aTD/184/Supp.4 | ||
| 650 | 0 | _aEXPORT MARKETING | |
| 995 |
_D0.00 _FCBU-MAIN LIBRARY (Kitwe) _H1 _I0.00 _M1 _UAVAILABLE _WDec 3, 2009 _ZInternational Publications |
||
| 999 |
_c50414 _d50414 |
||